| 000 | 01035nam a22002657a 4500 | ||
|---|---|---|---|
| 005 | 20240530110401.0 | ||
| 008 | 150120s2008 le o a e 000 0 ara d | ||
| 022 | _29789953280991 | ||
| 040 | _aEG-CaGPL | ||
| 041 | 1 |
_aara _hfre |
|
| 082 | 0 | 4 |
_221 _a503 _bط/ ع م |
| 100 | 1 | _aبومون ، اميلى | |
| 245 | 1 | 2 |
_aالموسوعة المصورة الكبرى : _bالرصد الجوى لاطلاع الاولاد عليها / _cاميلى بومون ، فانسان جاجر شميدت ؛ تعريب جوزف منصور |
| 250 | _aط1 | ||
| 260 |
_aبيروت : _bدار عويدات للنشر و التوزيع ، _c2008 |
||
| 300 |
_a25 ص : _bصور لو ؛ _c30 سم |
||
| 650 | 0 | 4 | _aكتب الاطفال |
| 650 | 0 | 4 | _aثقافة الاطفال |
| 650 | 0 | 4 |
_aالمناخ _vدوائر معارف |
| 650 | 0 | 4 | _aالامطار |
| 700 | 1 |
_aشميدت ، فانسان جاجر _eمؤلف مشارك |
|
| 700 | 0 |
_aجوزف منصور _eمترجم |
|
| 942 |
_2ddc _cBK |
||
| 999 |
_c60264 _d60264 |
||